Statystyki dla Zgadnij Loga#4

Kliknij tutaj aby rozwiązać quiz!

Ogólne statystyki

  • Ten quiz został rozwiązany 193 razy
  • Średni wynik to 13 z 16

Statystyki odpowiedzi

Odpowiedź% Poprawnych
Pepsi
100%
Apple
99%
Twitter
98%
Xbox
98%
Lg
97%
Mercedes
97%
Opera
96%
Android
95%
Superman
91%
Dove
87%
Knorr
87%
Pringles
87%
Pinterest
84%
Nintendo Switch
45%
Wordle
23%
Fury
19%

Rozkład punktacji

Percentyl według liczby udzielonych odpowiedzi

Procent ludzi z każdym wynikiem

Twoja historia wyników

Nie rozwiązałeś tego quizu